| 000 | 01387cam a2200361 a 4500 | ||
|---|---|---|---|
| 001 | 13949097 | ||
| 005 | 20200421093816.0 | ||
| 008 | 050502s2004 enk b 000 1 eng d | ||
| 010 | _a 2005274878 | ||
| 015 | _aGBA4-Y5688 | ||
| 020 | _a014044792X | ||
| 035 | _a(OCoLC)ocm56129600 | ||
| 040 |
_aTJC _cTJC _dUKM _dOCLCQ _dCUY _dDLC |
||
| 041 | 1 |
_aeng _hrus |
|
| 042 | _alccopycat | ||
| 043 | _ae-ur--- | ||
| 050 | 0 | 0 |
_aPG3326 _b.I3 2004 |
| 082 | 0 | 0 |
_a891.73/3 _222 |
| 100 | 1 |
_aDostoyevsky, Fyodor, _d1821-1881. |
|
| 240 | 1 | 0 |
_aIdiot. _lEnglish |
| 245 | 1 | 4 |
_aThe idiot / _cFyodor Dostoyevsky ; translated with notes by David McDuff ; with an introduction by William Mills Todd, III. |
| 260 |
_aLondon ; _aNew York : _bPenguin Books, _c2004. |
||
| 300 |
_axli, 732 p. ; _c20 cm. |
||
| 504 | _aIncludes bibliographical references (p. [xxxv]-xxxvii). | ||
| 651 | 0 |
_aRussia _xSocial conditions _y1801-1917 _vFiction. _9587 |
|
| 700 | 1 |
_aMcDuff, David, _d1945- |
|
| 700 | 1 |
_aTodd, William Mills, _d1944- _9589 |
|
| 856 | 4 | 2 |
_3Contributor biographical information _uhttp://www.loc.gov/catdir/enhancements/fy0835/2005274878-b.html |
| 856 | 4 | 2 |
_3Publisher description _uhttp://www.loc.gov/catdir/enhancements/fy0835/2005274878-d.html |
| 906 |
_a7 _bcbc _ccopycat _d2 _encip _f20 _gy-gencatlg |
||
| 942 |
_2ddc _cBK |
||
| 999 |
_c27 _d27 |
||